[Event "Bundesliga 9900"]
[Site "Germany"]
[Date "2000.03.13"]
[Round "13.2"]
[White "Babula, Vlastimil"]
[Black "Rustemov, Alexander"]
[Result "1-0"]
[WhiteElo "2573"]
[BlackElo "2553"]
[Annotator "Donev,I"]
[PlyCount "85"]
[EventDate "1999.10.09"]
[EventType "team-tourn"]
[EventRounds "15"]
[EventCountry "GER"]
[SourceTitle "CBM 076"]
[Source "ChessBase"]
[SourceDate "2000.05.31"]
[SourceVersion "1"]
[SourceVersionDate "2000.05.31"]
[SourceQuality "1"]
[WhiteTeam "Werder Bremen"]
[BlackTeam "Wattenscheid"]
[WhiteTeamCountry "GER"]
[BlackTeamCountry "GER"]

1. d4 d5 2. c4 e6 3. Nc3 Be7 4. Nf3 Nf6 5. Bg5 h6 6. Bh4 O-O 7. e3 b6 8. Bd3
Bb7 9. O-O Nbd7 10. Qe2 c5 11. Bg3 cxd4 12. exd4 dxc4 13. Bxc4 a6 14. a4 Nh5 {
[%cal Yh5g3,Yd7f6] Es ist wichtig für den Nachziehenden einige Leichtfiguren
abzutauschen, um die Schwäche des isolierten Damenbauern spürbar zu machen.
Der schwarze Plan ist einfach - zuerst auf g3 schlagen und dann mit Ndf6 die
Kontrolle über den Schlüsselpunkt d5 übernehmen.} (14... Re8 15. Rfd1 Bb4 16.
Bd3 Nh5 17. Rac1 {1/2-1/2 Estremera Panos,S-Gomez Esteban,J/Linares 1998/EXT
99 (17)}) 15. d5 {Selbstverständlich erkennt der Anziehende den schwarzen Plan
und befreit sich sofort von seine Schwäche, dem d-Bauern.} Nxg3 16. hxg3 exd5
17. Nxd5 $5 {[%mdl 8] Interessante Neuerung. Der Abtausch die Läufer führt nur
zum Ausgleich, wie man in folgender Partie sieht:} (17. Bxd5 Bxd5 18. Nxd5 Re8
19. Rfd1 Bc5 20. Qc2 a5 21. Qf5 Nf6 22. Nxf6+ Qxf6 23. Qxf6 gxf6 24. Kf1 Re4
25. b3 Rae8 26. Re1 Rxe1+ 27. Rxe1 Rd8 28. Rb1 Rd3 29. Ke2 Rc3 30. Ne1 f5 31.
Rb2 Ba3 32. Rb1 Bc5 33. Rb2 Ba3 {1/2-1/2 Vyzmanavin,A-Timoshchenko,G/Norilsk
1987/EXT 97 (33)}) 17... Bd6 (17... Bc5 18. b4 Bd6 19. Rfd1 $14) 18. Rfd1 Nf6
19. Rac1 Re8 20. Ne3 Qe7 $2 {Entscheidender Fehler, der den ganzen Punkt
kostet. Alle weiße Figuren sind harmonisch im Zentrum entwickelt. Es folgt
eine hübsche Kombination, nach welcher der Anziehende großen Vorteil bekommt.}
(20... Ne4 21. Nd4 Qf6 $11) {[%tqu "De","Wie kann der Anziehende auf taktische
Weise Vorteil erzielen?","","","c4f7","",5]} 21. Bxf7+ $1 {[%mdl 64]} Qxf7 (
21... Kxf7 22. Qc4+ Kg6 (22... Kf8 23. Nf5 $18 {[%cal Yf5e7,Yf5d6]}) (22... Qe6
23. Rxd6 Qxc4 24. Rxc4 $16) 23. Nh4+ Kh7 24. Nhf5 $16 {gewinnt Weiß die Figur
mit Zinsen zurück.}) 22. Rxd6 Rad8 (22... Nd5 23. Qd2 Nxe3 24. Rd7 $1 Re7 25.
Rcc7 Rxd7 26. Rxd7 Qc4 27. Qxe3 $16 {Weiß behält seinen Mehrbauern bei klar
besserer Stellung.}) 23. Ne5 Qb3 24. Rxd8 Rxd8 25. Rc7 $1 {[%cal Yc7b7,Yc7g7]
Die Lage des Nachziehenden ist noch schlimmer geworden. Jetzt ist der weiße
Turm sehr aktiv geworden und wird bald den entscheidenden Schlag führen.} Be4
26. Qxa6 Qxb2 27. Qc4+ Bd5 28. Rxg7+ $1 $18 {Das war alles. Der Rest ist reine
Technik.} Kxg7 29. Qc7+ Nd7 30. Qxd8 Qa1+ 31. Kh2 Qxe5 32. Qxd7+ Bf7 33. Qc6
Qe6 34. Qc3+ Qf6 35. Qd2 Qe5 36. Qb4 Qf6 37. f3 h5 38. Qe4 Be6 39. Qb7+ Bf7 40.
Qe4 Be6 41. Nd5 Bxd5 42. Qxd5 Kh6 43. f4 1-0

[Event "Budapest FS02 GM"]
[Site "Budapest"]
[Date "1994.??.??"]
[Round "1"]
[White "Grivas, Efstratios"]
[Black "Gabriel, Christian"]
[Result "1/2-1/2"]
[WhiteElo "2505"]
[BlackElo "2530"]
[Annotator "Donev,I"]
[PlyCount "83"]
[EventDate "1994.02.??"]
[EventType "tourn"]
[EventRounds "13"]
[EventCountry "HUN"]
[EventCategory "9"]
[SourceTitle "CBM 040"]
[Source "ChessBase"]
[SourceDate "1994.06.01"]
[SourceVersion "1"]
[SourceVersionDate "1994.06.01"]
[SourceQuality "1"]

1. d4 d5 2. c4 e6 3. Nf3 Nf6 4. Nc3 Be7 5. Bg5 O-O 6. e3 h6 7. Bh4 b6 8. Bd3 (
8. Qb3 dxc4 9. Bxc4 Bb7 10. Rd1 Nc6 {/\Na5} 11. Be2 Nb4 (11... Nd5 $142 12.
Bxe7 Ncxe7 13. O-O $13) 12. Bxf6 $1 gxf6 13. e4 $14 f5 $6 (13... Qc8 $142) 14.
exf5 exf5 15. d5 a5 16. O-O Bd6 17. Bb5 $16 {Huss,A-Donev,I Bad Ragaz op 1993})
8... dxc4 9. Bxc4 Bb7 10. O-O Nbd7 11. Qe2 Ne4 12. Nxe4 Bxe4 13. Bg3 Bd6 14.
Rfd1 Bxg3 15. hxg3 Qe7 16. Rac1 Rfd8 $1 (16... c5 17. Bb5 $1 Rfd8 18. Bxd7 Rxd7
19. dxc5 $14) 17. Bd3 Bxd3 18. Rxd3 c5 $10 19. Rdc3 Nf6 (19... Rac8 20. Qa6 Rc7
21. b4 Rdc8 $13) 20. dxc5 Ne4 21. Rc4 Nxc5 22. Nd4 (22. b4 $6 Nd3 23. Rb1 e5
$10) 22... Qf8 (22... Qe8 23. b4 e5 24. Nc6 (24. bxc5 exd4 25. c6 Rac8 26. c7
Rd7 $13) (24. Nf5 Ne6 $10) 24... Qxc6 25. bxc5 b5 $1 26. R4c2 Rd5 $10 {/\Rad8})
23. b4 Nd7 (23... Ne4 $2 24. Nc6 $1 (24. Nxe6 Nxg3 25. Qg4 $14) 24... Nd6 (
24... Rd2 25. Qe1 $16) 25. Nxd8 Nxc4 26. Nxe6 $1 fxe6 27. Qxc4 $16) 24. Nc6 Re8
$8 (24... Rdc8 $2 25. Ne7+ Qxe7 26. Rxc8+ Rxc8 27. Rxc8+ $16) 25. e4 $14 Nf6
26. Rd1 b5 27. Rc5 a6 28. Qc2 (28. g4 $5 {/\f4,g5}) 28... Kh8 29. Ne5 Kg8 30.
Nc6 Kh8 31. a3 Rec8 32. Ne5 Rxc5 33. bxc5 Rc8 34. c6 Qe7 35. Kh1 Kg8 36. a4 b4
37. Qc4 a5 38. f4 Qc7 39. Rd3 Qb6 40. Kh2 h5 41. Qb5 Qc7 42. Rd4 $14 (42. Kh3
$5 Nxe4 $2 (42... Qa7 $142 43. Kh2 $13) 43. Rd7 $1 Qb8 44. Qxb8 Rxb8 45. c7 Rc8
46. Rd8+ $18) 1/2-1/2

[Event "Cancan Veterans-Women"]
[Site "Roquebrune"]
[Date "1998.09.19"]
[Round "12"]
[White "Zhu, Chen"]
[Black "Spassky, Boris Vasilievich"]
[Result "1/2-1/2"]
[WhiteElo "2480"]
[BlackElo "2545"]
[Annotator "Donev,I"]
[PlyCount "89"]
[EventDate "1998.09.07"]
[EventType "schev"]
[EventRounds "12"]
[EventCountry "FRA"]
[SourceTitle "CBM 067"]
[Source "ChessBase"]
[SourceDate "1998.11.30"]
[SourceVersion "2"]
[SourceVersionDate "1998.11.01"]
[SourceQuality "1"]

1. d4 d5 2. c4 e6 3. Nc3 Be7 4. Nf3 Nf6 5. Bg5 h6 6. Bh4 O-O 7. e3 b6 8. Be2
Bb7 {Für den Nachziehenden ist es oft günstiger den Läufer auf e6 statt auf b7
zu entwickeln. Darum hat Weiß auf die Entwicklung des Läufers b7 abgewartet,
um dann Bxf6 und cxd5 abzutauschen.} 9. Bxf6 Bxf6 10. cxd5 exd5 11. b4 c6 12.
O-O a5 13. b5 $6 (13. a3 $142 Nd7 14. Qb3 Re8 15. Bd3 axb4 16. axb4 Nf8 17.
Rfd1 Ne6 18. Bf1 Qd6 $11 {Arkell - Short England ch 1998}) 13... c5 $1 14. Rc1
Nd7 15. Qd2 {/\Rfd1 nebst d4xc5} (15. dxc5 Nxc5 $11 {/\Ne6,d5-d4}) 15... c4 16.
Ne1 Be7 17. g3 Nf6 18. Ng2 Re8 19. Qc2 Bb4 20. a4 Rc8 21. Bf3 g6 22. Rfd1 g5
23. Na2 Ba3 24. Rb1 Qd7 25. Be2 Kg7 26. Rf1 Rc7 27. f3 Bc8 28. Nc3 Bb4 29. Rbe1
Qd6 30. Bd1 Bh3 31. Re2 Rce7 32. Qd2 Re6 33. g4 Kf8 (33... Qe7 $5 {[%csl Re3]
[%cal Ye6e3,Yh3g2] Die schwarze Drohung Bg2 nebst Re3 ist unangenehm.} 34. Rfe1
Bxg4 $1 35. fxg4 Ne4 36. Nxd5 Qd6 $19) 34. Rfe1 {[%mdl 64]} Bxg4 $1 $17 35. e4
(35. fxg4 Nxg4 {[%cal Yd6h2,Yg4h2]} (35... Ne4 36. Nxe4 $1) 36. Nf4 gxf4 37.
exf4 Bxc3 38. Qxc3 Qxf4 $19) 35... Bxf3 36. e5 Qd8 37. Re3 Bxg2 38. Qxg2 Ne4 (
38... Bxc3 39. Rxc3 Ne4 40. Rf3 Kg7 $17 {/\f6}) 39. Nxe4 dxe4 40. Qxe4 Bxe1 41.
Rxe1 Qa8 42. Qg4 Qd8 {Warum Zugwiederholung?} (42... Rf6 {/\Rf4} 43. Re4 c3 $17
) 43. Qe4 Qa8 44. Qg4 Qd8 45. Qe4 1/2-1/2

[Event "Politiken zt"]
[Site "Munkebo"]
[Date "1998.09.13"]
[Round "2.1"]
[White "Brynell, Stellan"]
[Black "Nielsen, Peter Heine"]
[Result "1/2-1/2"]
[WhiteElo "2485"]
[BlackElo "2515"]
[Annotator "Donev,I"]
[PlyCount "45"]
[EventDate "1998.09.10"]
[EventType "k.o."]
[EventRounds "5"]
[EventCountry "DEN"]
[SourceTitle "CBM 067"]
[Source "ChessBase"]
[SourceDate "1998.11.30"]
[SourceVersion "2"]
[SourceVersionDate "1998.11.01"]
[SourceQuality "1"]

1. Nf3 d5 2. d4 Nf6 3. c4 e6 4. Nc3 Be7 5. Bg5 O-O 6. e3 h6 7. Bh4 b6 8. Bd3
Bb7 9. O-O Nbd7 10. Qe2 {Weiß hat seine Dame perfekt plaziert und die erste
Reihe für die Türme geräumt. Er will nach Tfd1 und Tac1 seine Entwicklung
harmonisch beenden. Auf der anderen Seite ist das Hauptproblem des
Nachziehenden die Lage der Dame d8, die kein günstiges Feld zur Entwicklung
hat.} Ne4 (10... c5 $5 {Meiner Meinung nach bekommt der Nachziehende mit
dieser Fortsetzung ohne Komplikationen eine ausgeglichene Stellung.} 11. Rfd1
cxd4 12. Nxd4 Ne5 $1 $11) 11. Bg3 (11. Bxe7 Qxe7 12. cxd5 Nxc3 13. bxc3 exd5
14. c4 dxc4 15. Bxc4 c5 16. Rfd1 $11) 11... Ndf6 (11... Nxg3 12. hxg3 Nf6 13.
e4 $6 dxe4 14. Nxe4 c5 $1 15. dxc5 bxc5 16. Rad1 Qa5 $15 {/\Rfd8 Rufener,M -
Donev,I SWZ chT(Biel)1998}) 12. Rac1 (12. cxd5 exd5 13. Rac1 c5 14. dxc5 (14.
Rfd1 Nxc3 15. Rxc3 c4 16. Bb1 b5 $13 {[%cal Yb5b4]}) 14... Nxg3 15. hxg3 bxc5
$11 {/\Qb6 Yermolinsky - Georgiev Moskva (ol) 1994}) 12... Bd6 13. cxd5 exd5
14. Bxd6 Nxd6 15. Nb5 c6 16. Nxd6 Qxd6 17. Ba6 $1 $14 {[%csl Rc6] Es ist klar,
dass die weisse Bauernstruktur besser ist. Auf der halboffenen c-Linie ist die
einzige Schwäche im schwarzen Lager - der Bauer c6. Das Ziel ist nun der
Abtausch der weisfeldrigen Läufer, um den Punkt c6 noch mehr abzuschwächen.}
Bxa6 18. Qxa6 Rfc8 19. Rc2 Rc7 20. Rfc1 Rac8 21. a3 (21. Ne5 {[%cal Ye5c6,
Yc2c6]} Ne4 (21... c5 $2 {Nach diesem Zug hat Weiss eine wunderschöne
Kombination!} {[%tqu "De","Weiss am Zug?","","","c2c5","",6]} 22. Rxc5 $1 Rxc5
{[%tqu "De","Ein wunderbare Zug!","","","a6c8","",10]} 23. Qxc8+ $3 Rxc8 24.
Rxc8+ Kh7 {[%tqu "De","Hinlenkung nebst Doppelangriff!","","","c8h8","",10]}
25. Rh8+ $3 Kxh8 26. Nxf7+ Kg8 27. Nxd6 $18) 22. b4 Qxb4 23. Rxc6 Rxc6 24. Nxc6
{[%cal Yc6b4,Yc6e7,Ya6c8]} Rc7 25. Nxb4 (25. Qxa7 $6 Qb2 26. Qa8+ Kh7 27. Rf1
Nd2 28. Re1 Qc3 $1 $17 {[%cal Yd2f3,Yc3c6]}) 25... Rxc1+ 26. Qf1 Rxf1+ 27. Kxf1
$14) 21... Nd7 22. h3 Qe6 23. Rc3 1/2-1/2

[Event "Keres Memorial"]
[Site "Tallinn/Parnu"]
[Date "1998.06.26"]
[Round "6"]
[White "Yermolinsky, Alex"]
[Black "Short, Nigel D"]
[Result "1/2-1/2"]
[WhiteElo "2660"]
[BlackElo "2660"]
[Annotator "Donev,I"]
[PlyCount "142"]
[EventDate "1998.06.19"]
[EventType "tourn"]
[EventRounds "9"]
[EventCountry "EST"]
[EventCategory "15"]
[SourceTitle "CBM 066"]
[Source "ChessBase"]
[SourceDate "1998.09.30"]
[SourceVersion "1"]
[SourceVersionDate "1998.09.30"]
[SourceQuality "1"]

1. Nf3 d5 2. d4 Nf6 3. c4 e6 4. Nc3 Be7 5. Bg5 h6 6. Bh4 O-O 7. e3 b6 8. Rc1
Bb7 9. Bxf6 Bxf6 10. cxd5 exd5 11. Bd3 c5 12. O-O cxd4 ({Hier muss Schwarz den
folgenden Fehler umgehen.} 12... Nc6 $2 13. dxc5 bxc5 14. Nxd5 $1 $16) 13. Nxd4
{Es ist Musterhaft zu sehen wie der Anziehende gegen den schwarzen Isolani
spielt.} Nc6 14. Nxc6 $146 (14. Nce2 Nxd4 15. Nxd4 Bxd4 16. exd4 Re8 (16... Qd6
17. Re1 Rac8 18. Rxc8 Bxc8 19. a3 Bd7 20. Qh5 Re8 21. Rxe8+ Bxe8 22. Qf5 Qg6
23. Qh3 Qc6 24. Qe3 Bd7 25. h3 Qd6 26. f4 {Ribli,Z-Georgiev,K/Reggio Emilia
1988/CBM 11/1/2-1/2 (49)}) 17. Qa4 Re7 18. g3 Bc8 19. Kg2 Qd7 20. Qa3 Qd8 21.
Rc3 Rc7 22. Rfc1 Rxc3 23. Rxc3 Be6 {Ribli,Z-Beliavsky,A/Reykjavik WCup 1988/
CBM 10/1/2-1/2 (34)}) 14... Bxc6 15. Ne2 Qd6 16. Qd2 Rad8 17. Rfd1 $14 {
Alle weissen Figuren sind ausgezeichnet plaziert. Schwarz steht wegen der
Schwäche auf d5 unter positionellem Druck.} Rfe8 (17... Bd7 18. Be4 Qe5 19.
Bxd5 Qxb2 20. Qxb2 Bxb2 21. Rc7 a6 $15 (21... Be6 22. Nf4 $1 $14)) 18. Bb1 {
[%cal Yd2c2,Yc2c6,Yc2h7]} g6 19. Nd4 Bd7 $1 {Short hat das beste Feld für
seinen schwächeren Läufer gefunden. Jetzt kontrolliert der Bd7 beide wichtigen
Diagonalen a4-e8 und h3-c8, außerdem ist die offene c-Linie für die Türme
befreit.} 20. a3 Kg7 21. Ba2 h5 $2 (21... Ba4 $142 22. b3 Bd7) 22. Rc3 $1 {
Bereitet Rd3 vor. Der Weisse konzentriert alle seine Kräfte gegen den
schwachen d5 - Isolani.} Be5 23. h3 Bf6 (23... Ba4 $5) 24. Rd3 Ba4 25. b3 Bd7
26. b4 Ba4 27. Rb1 (27. Rc1 {bring nichts wegen} Rc8 {und nach jedem
Turmabtausch wird das schwarze Lager leichter zu verteidigen sein.}) 27... Rc8
28. Bb3 (28. b5 Bxd4 $1 29. Rxd4 Rc2 (29... Qxa3 30. Rd3 Qe7 31. Rxd5 $14) 30.
Qd3 Rec8 $1 $13) 28... Bxb3 29. Nxb3 Red8 30. e4 $1 $16 (30. Rd1 Qc6 31. Rxd5
Rxd5 32. Qxd5 Qa4 $1) 30... Qe5 (30... d4 31. f4 $1 $16) 31. exd5 Rc4 (31...
Rd6 {/\Rcd8} 32. Re1 Qf5 (32... Qb2 33. Qxb2 Bxb2 34. Nd2 $1 $16) 33. Nd4 Bxd4
34. Rxd4 Rc2 35. Qe3 Rxd5 $11) 32. d6 $16 Rd7 33. Re1 Qf5 34. Rd1 Be5 35. Nd4
Qf6 36. Nf3 Bf4 37. Qe2 h4 38. Nh2 Qe5 39. Qxe5+ Bxe5 40. Ng4 f6 41. g3 hxg3
42. fxg3 Bb2 43. Kg2 b5 44. R1d2 (44. Kf3 $16) 44... Bc3 45. Re2 Bd4 46. Re7+ (
46. Ne3 Bxe3 47. Rexe3 Kf7 48. Rd5 a6 49. Red3 Ke6 $14) 46... Rxe7 47. dxe7 Kf7
48. Ne3 Rc3 49. Rxc3 Bxc3 50. Nd5 Bb2 51. g4 Bxa3 52. h4 f5 53. gxf5 gxf5 54.
h5 Bxb4 55. Nxb4 Kxe7 56. Kf3 a5 57. Nc6+ Kf6 58. Kf4 a4 59. Nb4 a3 60. Na2 b4
61. Nxb4 Kg7 62. Kxf5 Kh6 63. Kg4 Kg7 64. Kg5 Kh7 65. h6 Kg8 66. Kg6 Kh8 67.
Na2 Kg8 68. Kg5 Kh7 69. Nc3 Kg8 70. Na2 Kh7 71. Kh5 Kh8 1/2-1/2

[Event "Lost Boys"]
[Site "Amsterdam"]
[Date "1999.08.15"]
[Round "3"]
[White "Van der Sterren, Paul"]
[Black "Ljubojevic, Ljubomir"]
[Result "1-0"]
[WhiteElo "2535"]
[BlackElo "2570"]
[Annotator "Donev,I"]
[PlyCount "95"]
[EventDate "1999.08.13"]
[EventType "tourn"]
[EventRounds "7"]
[EventCountry "NED"]
[EventCategory "14"]
[SourceTitle "CBM 073"]
[Source "ChessBase"]
[SourceDate "1999.12.01"]
[SourceVersion "1"]
[SourceVersionDate "1999.12.01"]
[SourceQuality "1"]

1. d4 Nf6 2. c4 e6 3. Nc3 d5 4. Bg5 Be7 5. e3 h6 6. Bh4 O-O 7. Rc1 b6 ({
Die Hauptfortsetzung hier ist} 7... dxc4 {mit der Karpov in viele Partien
erfolgreich ausgeglichen hat}) 8. cxd5 exd5 $6 (8... Nxd5 $142 9. Bxe7 Qxe7 10.
Nxd5 exd5 {nebst Be6 und später c7-c5 führt zu einer ausgeglichenen Stellung.})
9. Nf3 Bb7 {Hier steht der schwarze Läufer schlechter als auf e6.} 10. Be2 Nbd7
11. O-O Ne4 12. Bxe7 Qxe7 13. Qb3 Ndf6 14. Nxe4 Nxe4 15. Rc2 c5 16. Qa3 (16.
dxc5 bxc5 17. Qa3 Rfd8 18. Rfc1 Qf6 19. b4 (19. Bd3 $6 d4) 19... c4 20. Rf1 Rd6
$13 {1/2-1/2 Dautov,R-Klovans,J/Sverdlovsk 1987/EXT 99/[ChessBase] (20)}) 16...
Rfe8 17. dxc5 bxc5 {[%mdl 16] Auf dem Brett steht die typische Bauernstruktur
mit dem hängenden Bauernpaar c5+d5. Für den Anziehenden ist es wichtig den
c-Bauern abzutauschen oder zum Ziehen zu provozieren. So wird der Bauer d5 und
das Feld d4 schwach.} 18. Bb5 (18. Rfc1 Qf6 19. b4 c4 $13) 18... Red8 (18...
Rec8 $5) 19. Bd3 Qe6 {[%tqu "De","Wie werden Sie den Punkt d4 erobern?","","",
"b2b4","Auf diese weise erobert der Anziehende die wichtige zentral Punkt d4
wo seine starke Springer eine dominierte Rolle spielen wird.",5]} 20. b4 $1 {
Auf diese Weise erobert der Anziehende den wichtigen zentralen Punkt d4, wo
sein starker Springer eine dominierende Rolle spielen wird.} c4 $2 ({
Konsequent war} 20... cxb4 21. Qxb4 Ba6 22. Nd4 Qb6 $14) 21. Nd4 Qg6 22. Bxe4
Qxe4 $16 {Der Springer im Zentrum ist ein Riese im Vergleich zum armen Läufer
auf b7, der von seinem Bauern d5 stark eingeschränkt ist.} 23. b5 Qg6 24. Qe7
Qb6 25. a4 Re8 26. Qb4 a5 27. Qc3 Rad8 {Es folgt eine lehrreiche Umgruppierung
der weiße Figuren , nach dem alle harmonisch den Bauern d5 angreifen werden.
Der ist schwach und wird bald eine Beute der weißen Figuren.} 28. Rd2 {[%cal
Yf1d1,Yd4e2,Ye2c3]} Rd6 29. Ne2 Re4 30. Rfd1 Qd8 31. Rd4 $1 Re5 32. Qd2 $1 Qc7
(32... Rg6 33. Nf4 (33. Nc3 Qf6 34. Nxd5 $2 Qf3 35. g3 Rd6 $19) 33... Rd6 34.
Rxc4 dxc4 35. Qxd6 Qxd6 36. Rxd6 $16) 33. Nc3 $1 {Weiss hat seine
Idealstellung verwirklicht. Es droht 34.e4} Rg6 34. g3 Qc5 {Der Bauer d5 ist
nicht mehr zu retten.} 35. Nxd5 $18 Bxd5 36. Rxd5 Rxd5 37. Qxd5 Qb4 38. Rc1
Qxa4 (38... c3 $142) 39. Rxc4 Qa1+ 40. Kg2 Qb1 41. Rc8+ Kh7 42. Qxf7 {Das
war's. Es droht Qg8 Matt.} Rf6 43. Qg8+ Kg6 44. Qc4 Qf5 45. f4 a4 46. e4 Qg4
47. e5 Re6 (47... Rxf4 48. Rc6+ Kh7 49. Qxf4 $18) 48. h3 1-0

[Event "Scandic Hotels CC"]
[Site "Stockholm"]
[Date "1999.08.05"]
[Round "6"]
[White "Sjoberg, Mats"]
[Black "Ahlander, Bjorn"]
[Result "1-0"]
[WhiteElo "2348"]
[BlackElo "2436"]
[Annotator "Donev,I"]
[PlyCount "81"]
[EventDate "1999.07.31"]
[EventType "tourn"]
[EventRounds "9"]
[EventCountry "SWE"]
[EventCategory "9"]
[SourceTitle "CBM 073"]
[Source "ChessBase"]
[SourceDate "1999.12.01"]
[SourceVersion "1"]
[SourceVersionDate "1999.12.01"]
[SourceQuality "1"]

1. d4 Nf6 2. c4 e6 3. Nc3 d5 4. Bg5 Be7 5. e3 O-O 6. Nf3 h6 7. Bh4 b6 8. Be2
Bb7 9. Bxf6 {Eine Eröffnungfeinheit - der Abtausch auf f6 wird erst dann
durchgeführt, wenn der Nachziehende seinen Läufer auf b7 platziert hat. Falls
der Anziehende früher auf f6 und d5 nimmt, hat der Schwarze die Möglichkeit
seinen Läufer auf das bessere Feld e6 zu entwickeln und den Standard Vorstoß
c7-c5 durchzuführen.} Bxf6 10. cxd5 exd5 11. b4 c6 12. Qb3 Re8 13. O-O Qd6 14.
Rfe1 Nd7 15. Rad1 a5 16. bxa5 (16. a3 axb4 17. axb4 Be7 18. b5 c5 $11) 16...
Rxa5 17. e4 $1 {Die Öffnung der e-Linie verschafft Weiß starke Drohungen.} Ra3
18. Qc2 Qb4 19. Rc1 dxe4 20. Nxe4 Bxd4 21. Rb1 Qa5 $4 {[%mdl 8192]
Wahrscheinlich der entscheidende Fehler, der die Partie kostet.} (21... Qe7
$142 $15) 22. Nxd4 $18 Rxa2 23. Qd3 Ra3 {Schwarz versucht mittels
Zugwiderholung sich aus der schwierige Lage zu retten.} 24. Nb3 {aber
natürlich ist Weiß nicht einverstanden} Qf5 ({Leicht besser, aber auch zum
Verlust führend:} 24... Rxb3 $142 25. Qxd7 Rxe4 26. Qd8+ Kh7 27. Bd3 $1 $18)
25. Nd6 $1 {[%cal Yd3f5,Yd6e8,Yd6b7] Jetzt folgen forcierte
Abtauschoperationen, nach denen der Anziehende einfach mit einer Mehrfigur
verbleibt.} Qxd3 26. Bxd3 Rxe1+ 27. Rxe1 Rxb3 28. Bc4 Rc3 29. Bxf7+ Kh7 (29...
Kf8 $4 30. Re8#) 30. Nxb7 $18 {Der Rest ist reine Technik.} Ne5 31. Ba2 Nd3 32.
Bb1 Kg8 33. Rd1 Rc1 34. Rxc1 Nxc1 35. Be4 $1 {Der Läufer wird mit Tempo auf
das Feld c4 überführt, wo er den schwarzen Springer tödlich einschränkt.} c5
36. Bd5+ Kf8 37. Bc4 $1 {[%cal Yc4a2,Yc4e2] Die Spitze der weißen Strategie.
Jetzt sitzt der schwarze Springer in der Falle. Es droht Nd6 um b5 zu
vermeiden, nebst Kf1-e1-d1.} Ke7 38. Kf1 Kd7 39. Ke1 b5 40. Bxb5+ Kc7 41. Bc4
1-0

[Event "Belgrade Investbank"]
[Site "Belgrade"]
[Date "1989.11.??"]
[Round "5"]
[White "Damljanovic, Branko"]
[Black "Jussupow, Artur"]
[Result "0-1"]
[WhiteElo "2555"]
[BlackElo "2610"]
[Annotator "Ftacnik,L"]
[PlyCount "72"]
[EventDate "1989.11.??"]
[EventType "tourn"]
[EventRounds "11"]
[EventCountry "YUG"]
[EventCategory "15"]
[SourceTitle "CBM 016"]
[Source "ChessBase"]
[SourceDate "1990.06.01"]
[SourceVersion "1"]
[SourceVersionDate "1990.06.01"]
[SourceQuality "1"]

1. d4 Nf6 2. Nf3 e6 3. c4 d5 4. Nc3 Be7 5. Bg5 O-O 6. e3 h6 7. Bh4 b6 8. Qb3
Bb7 9. Bxf6 Bxf6 10. Rd1 c6 $5 11. e4 (11. cxd5 cxd5 12. Be2 Nc6 $15) 11... Nd7
12. cxd5 (12. e5 Be7 13. cxd5 exd5 14. Bd3 c5 15. Bb1 cxd4 16. Qc2 g6 $132)
12... exd5 13. exd5 Re8+ 14. Be2 cxd5 15. O-O (15. Nxd5 Nf8 (15... Bxd5 16.
Qxd5 Qe7 17. Rd2 Rad8 $44) 16. Nxf6+ (16. Ne3 Ne6 17. O-O Nf4) 16... Qxf6 17.
Rd2 Ng6 18. O-O Nf4 19. Bd1 Ba6 20. Re1 Rxe1+ 21. Nxe1 Re8 $44) 15... Nf8 16.
Rfe1 Ne6 17. Bb5 $6 (17. Bf1 a6 18. a4 $10) 17... Re7 18. Re3 Qd6 19. g3 a6 20.
Bf1 b5 $15 21. Bg2 Rc8 22. Ne2 b4 23. Qd3 a5 24. Qf5 Rce8 25. h4 Bc8 26. Qc2
Ba6 27. Nc1 Rc8 28. Qa4 Nxd4 $1 29. Nxd4 Bxd4 30. Rxd4 Rxe3 31. fxe3 Qxg3 $40
32. Nb3 Qxe3+ 33. Kh2 Rc2 34. Qd7 Qe5+ 35. Kh1 Rxb2 36. Qxd5 Rb1+ {Ftacnik} 0-1

[Event "WchT 2nd"]
[Site "Luzern"]
[Date "1989.??.??"]
[Round "7.1"]
[White "Timman, Jan H"]
[Black "Short, Nigel D"]
[Result "1/2-1/2"]
[WhiteElo "2635"]
[BlackElo "2660"]
[Annotator "Ftacnik,L"]
[PlyCount "64"]
[EventDate "1989.10.27"]
[EventType "team-tourn"]
[EventRounds "9"]
[EventCountry "SUI"]
[SourceTitle "CBM 016"]
[Source "ChessBase"]
[SourceDate "1990.06.01"]
[SourceVersion "1"]
[SourceVersionDate "1990.06.01"]
[SourceQuality "1"]
[WhiteTeam "Netherlands"]
[BlackTeam "England"]
[WhiteTeamCountry "NED"]
[BlackTeamCountry "ENG"]

1. d4 Nf6 2. c4 e6 3. Nf3 d5 4. Nc3 Be7 5. Bg5 h6 6. Bh4 O-O 7. e3 b6 8. Be2
Bb7 9. Bxf6 Bxf6 10. cxd5 exd5 11. O-O Nc6 12. Rc1 Re8 13. Ne1 {N} (13. a3)
13... a5 $5 14. a3 (14. Nd3 Nb4 $1) (14. Nb5 $5 Re7 15. a3 $16) 14... Ne7 15.
Nd3 Nf5 16. Bf3 Nh4 17. Bg4 c5 18. g3 Ng6 (18... cxd4 $2 19. Nb5 $1 dxe3 20.
gxh4 d4 21. Nc7) 19. dxc5 d4 20. exd4 Bxd4 21. Nb5 bxc5 (21... Qd5 22. c6 (22.
Bf3 Qxf3 23. Qxf3 Bxf3 24. Nxd4 Be4 $44) 22... Bxc6 23. Rxc6 Qxb5 $10 (23...
Qxc6 $6 24. Nxd4 Qe4 25. Nb3 Rad8 26. Nbc1 $16)) 22. Nxd4 cxd4 23. Rc5 Ba6 24.
Bf5 Qb6 25. b4 axb4 26. axb4 Rad8 27. Qa4 Bxd3 28. Bxd3 Ne5 29. Be4 Qf6 30. Rd5
Nc4 31. Rxd8 Rxd8 32. Qc2 Ne5 {Ftacnik} 1/2-1/2